000 02115cam0 2200409 ib4500
001 BY-BR0002-br2025399409
005 20251128093608.0
010 ^a978-985-545-293-6
035 ^a(BY-MI0013)BY-BR0002-br2025399409
035 ^a(BY-MI0006)BY-MA0022-br343042
100 ^a20250814d2025 b y0bely50 ca
101 0 ^abel
102 ^aBY
105 ^aa z 000oy
109 ^ama
200 1 ^aЗвонкі капыток
^eказкі для самых маленькіх на роднай мове
^eдля дзяцей старэйшага дашкольнага ўзросту
^fДзмітрый Харчанка
^gмастак Алена Карповіч
^gрэдактар Марыя Харчанка
210 ^aМінск
^cВыдавецтва Дзмітрыя Харчанкі
^d2025
215 ^a[22] с., уключаючы вокладку
^cкаляр. іл.
^d24 см
225 1 ^aМяцеліца
^dМетелица
^zrus
333 ^a0+
345 ^9700 экз.
608 ^aЛИТЕРАТУРНАЯ СКАЗКА
^3BY-NLB-ar16440
^2BYGNR
608 ^aЛІТАРАТУРНАЯ КАЗКА
^3BY-NLB-ar16441
^2BYGNR
608 ^aДЕТСКАЯ И ЮНОШЕСКАЯ ЛИТЕРАТУРА (художеств. произведение)
^3BY-NLB-ar9019
^2BYGNR
608 ^aДЗІЦЯЧАЯ І ЮНАЦКАЯ ЛІТАРАТУРА (мастацкі твор)
^3BY-NLB-ar9020
^2BYGNR
615 ^aБелорусский национальный документ
^3BY-SEK-ar1826174
686 ^a84
^2rubbk
690 ^a1
^2Base
^9BY-MI0013
^xRSEK
700 1 ^3BY-NLB-ar14986666
^aХарчанка
^bД. В.
^gДзмітрый Віленавіч
^cвыдавец
^cпісьменнік
^fнар. 1971
702 1 ^3BY-PLRB-ar10260611
^aКарповіч
^bА. А.
^gАлена Аляксееўна
^cмастачка
^fнар. 1960
^4440
702 1 ^3BY-SEK-ar14995290
^aХарчанка
^bМ.
^gМарыя
^4340
801 0 ^aBY
^bBY-BR0002
^c20250814
^gRCR
801 2 ^aBY
^bBY-MI0013
^c20251128
^gRCR
899 0 ^aBY-MI0013
^iХ-22
^h84